[Event "Pardubice Czech op-A 33rd"]
[Site "Pardubice"]
[Date "2022.07.30"]
[Round "9"]
[White "Klimakovs, Sergejs"]
[Black "Budzisz, Adrian"]
[Result "1-0"]
[WhiteElo "2266"]
[BlackElo "2152"]
[PlyCount "85"]
[EventDate "2022.07.22"]
[EventType "swiss"]
[EventRounds "9"]
[EventCountry "CZE"]
[SourceTitle "CBM 209 Extra"]
[Source "ChessBase"]
[SourceDate "2022.09.30"]
[SourceVersion "1"]
[SourceVersionDate "2022.09.30"]
[SourceQuality "1"]

1. e4 c5 2. Nf3 d6 3. d4 cxd4 4. Nxd4 Nf6 5. Nc3 a6 6. h4 e5 7. Nb3 h5 8. Bg5 Be6 9. Qd2 Nbd7 10. 0-0-0 Be7 11. Kb1 Rc8 12. f3 b5 13. a3 Nb6 14. Na5 Qd7 15. Bxf6 gxf6 16. f4 exf4 17. Nd5 Na4 18. Nxf4 Nc5 19. Qb4 Bd8 20. Nd5 f5 21. exf5 Bxf5 22. Bd3 Nxd3 23. cxd3 Bxa5 24. Qxa5 Qb7 25. Nf6+ Ke7 26. Qd2 Rc5 27. Rde1+ Re5 28. Qg5 Ke6 29. Nxh5 Bxd3+ 30. Ka1 Rxh5 31. Qxh5 Qxg2 32. Qh6+ Ke7 33. Qf4 Be4 34. Rhf1 f5 35. Rg1 Qf3 36. Qh6 Kd7 37. Rc1 Re7 38. Qf8 Bb7 39. Rc7+ Kxc7 40. Qxe7+ Kb6 41. Qxd6+ Ka5 42. Qc7+ Ka4 43. Qc2+ 1-0

[Event "Pardubice rapid op 33rd"]
[Site "Pardubice"]
[Date "2022.07.21"]
[Round "5"]
[White "Klimakovs, Sergejs"]
[Black "Melichar, Vojtech"]
[Result "1-0"]
[WhiteElo "2266"]
[BlackElo "1907"]
[PlyCount "71"]
[EventDate "2022.07.20"]
[EventType "swiss (rapid)"]
[EventRounds "9"]
[EventCountry "CZE"]
[SourceTitle "CBM 209 Extra"]
[Source "ChessBase"]
[SourceDate "2022.09.30"]
[SourceVersion "1"]
[SourceVersionDate "2022.09.30"]
[SourceQuality "1"]

1. e4 e5 2. Nf3 Nc6 3. d4 exd4 4. Nxd4 Nf6 5. Nxc6 dxc6 6. Qxd8+ Kxd8 7. f3 Be6 8. Be3 Nd7 9. Nc3 Bb4 10. Bd2 a5 11. a3 Bd6 12. Be2 f6 13. f4 h5 14. Bf3 Ke7 15. Be3 Bc5 16. Kf2 g5 17. g3 Bxe3+ 18. Kxe3 Nb6 19. h4 Nc4+ 20. Kf2 g4 21. Be2 Rhd8 22. Bxc4 Bxc4 23. Rhd1 b5 24. Rxd8 Rxd8 25. Rd1 Rd6 26. b3 Bf7 27. b4 a4 28. Ke3 Bc4 29. e5 Rxd1 30. exf6+ Kxf6 31. Nxd1 Bd5 32. Kd4 Bf3 33. Nb2 Bd5 34. Nd3 Bf3 35. Nc5 Bd5 36. Na6 1-0

[Event "LAT-ch"]
[Site "Riga"]
[Date "2022.05.02"]
[Round "7"]
[White "Bekasovs, Rihards"]
[Black "Klimakovs, Sergejs"]
[Result "1-0"]
[WhiteElo "2116"]
[BlackElo "2316"]
[PlyCount "149"]
[EventDate "2022.04.27"]
[EventType "swiss"]
[EventRounds "9"]
[EventCountry "LAT"]
[SourceTitle "CBM 208 Extra"]
[Source "ChessBase"]
[SourceDate "2022.07.31"]
[SourceVersion "1"]
[SourceVersionDate "2022.07.31"]
[SourceQuality "1"]

1. Nf3 g6 2. d4 Bg7 3. Bf4 c5 4. c3 Qb6 5. Qc1 d5 6. e3 Nc6 7. h3 Nf6 8. Nbd2 0-0 9. Be2 Nd7 10. 0-0 e5 11. dxe5 Ndxe5 12. Nxe5 Nxe5 13. Rd1 Rd8 14. Bxe5 Bxe5 15. Nf3 Bf6 16. Qc2 Be6 17. Rd2 Rac8 18. Qa4 Kg7 19. Rad1 Qc6 20. Qxc6 bxc6 21. Rc1 a5 22. b3 Rc7 23. c4 d4 24. Rcd1 Rcd7 25. e4 Ra7 26. Ne1 h5 27. Nd3 Be7 28. Nb2 Bd6 29. Bd3 h4 30. Re2 Kf6 31. Bc2 Rh8 32. Nd3 Kg7 33. e5 Be7 34. Nb2 Rh5 35. f4 Kf8 36. Rf2 Ke8 37. Be4 Kd7 38. Bf3 Rh8 39. Bg4 Bf5 40. Bxf5+ gxf5 41. Rd3 Rg8 42. Rff3 Raa8 43. Kh2 Rg6 44. g3 Rag8 45. Kg2 Ke6 46. Nd1 hxg3 47. Rxg3 Bh4 48. Rxg6+ fxg6 49. Kf1 g5 50. fxg5 Kxe5 51. Nb2 Ke4 52. Rd2 Rxg5 53. Re2+ Kf3 54. Nd3 Bg3 55. Nxc5 Rh5 56. Rd2 Bf4 57. Rf2+ Kg3 58. Rg2+ Kxh3 59. Nd3 Be3 60. Ne5 Rh4 61. Rg6 Rf4+ 62. Ke1 Rf2 63. Rxc6 Rxa2 64. Rf6 Rb2 65. Rxf5 Rxb3 66. Ke2 Kg3 67. Rf3+ Kg2 68. Rf8 Rb2+ 69. Kd3 a4 70. Ra8 Rb3+ 71. Ke4 a3 72. c5 Rc3 73. c6 Kf2 74. Ra4 Rc5 75. Nd3+ 1-0

[Event "LAT-chT"]
[Site "Riga"]
[Date "2019.10.12"]
[Round "7.1"]
[White "Beks, Edmunds"]
[Black "Klimakovs, Sergejs"]
[Result "0-1"]
[WhiteElo "2024"]
[BlackElo "2306"]
[PlyCount "94"]
[EventDate "2019.02.16"]
[EventType "team-tourn"]
[EventRounds "9"]
[EventCountry "LAT"]
[SourceTitle "EXT 2020"]
[Source "ChessBase"]
[SourceDate "2019.10.17"]
[SourceVersion "1"]
[SourceVersionDate "2019.10.17"]
[SourceQuality "1"]
[WhiteTeam "RTU/Juniors"]
[BlackTeam "Termo Eko/RSF"]
[WhiteTeamCountry "LAT"]
[BlackTeamCountry "LAT"]

1. Nf3 d5 2. g3 g6 3. Bg2 Bg7 4. d4 Nf6 5. 0-0 0-0 6. c4 c6 7. b3 Ne4 8. Bb2 a5 9. Nbd2 a4 10. Nxe4 dxe4 11. Ne1 c5 12. e3 Nc6 13. Nc2 f5 14. f3 exf3 15. Bxf3 Qa5 16. Ba3 cxd4 17. exd4 Rd8 18. Bxc6 bxc6 19. Bxe7 Rxd4 20. Nxd4 Qa7 21. c5 Qxe7 22. Qd2 Qxc5 23. Rad1 Ba6 24. b4 Qb6 25. Rf4 Rd8 26. Qe1 g5 27. Rxf5 Bxd4+ 28. Kg2 Bc4 29. Rxg5+ Kh8 30. Qe7 Rg8 31. Rxg8+ Bxg8 32. Qf8 Qa7 33. Qc8 Qg7 34. Qxc6 Qe5 35. Rxd4 Qxd4 36. Qxa4 Bd5+ 37. Kh3 Be6+ 38. Kg2 Qd2+ 39. Kf3 Bd5+ 40. Kg4 Qe2+ 41. Kg5 Qe5+ 42. Kh4 Qf6+ 43. Kh3 Qf5+ 44. Kh4 Be6 45. Qe8+ Kg7 46. Qe7+ Kh6 47. Qe8 Qg4# 0-1